| 000 | 01420nam a22003737a 4500 | ||
|---|---|---|---|
| 999 |
_c21520 _d21520 |
||
| 003 | AR-CdUCM | ||
| 008 | 190220b ||||| |||| 00| 0 spa d | ||
| 020 | _a9786123172046 | ||
| 040 |
_aMUNICIPALIDAD PROVINCIAL DEL CUSCO _cBIBLIOTECA MUNICIPAL DEL CUSCO |
||
| 082 |
_a985.0095/M18 _bM18 |
||
| 245 |
_aLa memoria del mundo inca : _bGuaman Poma y la escritura de la Nueva corónica [sic.] / _cJean-Philippe Husson, editor |
||
| 260 |
_aLima. _bPontificia Universidad Católica del Perú, _bApus Graph Ediciones, _c2016. |
||
| 300 |
_a267 páginas. : _bilustraciones, mapas ; _c24 cm. |
||
| 440 |
_aColección Estudios Andinos, _n19. _945207 |
||
| 500 | _zIncluye bibliografías. | ||
| 650 |
_aGuamán Poma de Ayala, Felipe _945208 |
||
| 650 |
_aNueva crónica y buen gobierno _98611 |
||
| 650 |
_aCrítica e interpretación _91144 |
||
| 650 |
_aCronistas _91200 |
||
| 650 |
_aCodicología _945209 |
||
| 650 |
_aAnálisis del discurso literario _945210 |
||
| 650 |
_aIncas _9303 |
||
| 650 |
_aInkas _91899 |
||
| 650 |
_aVida y costumbres sociales _9857 |
||
| 650 |
_aAspectos sociales. _9262 |
||
| 650 |
_aÉpoca Prehispánica _92714 |
||
| 650 |
_aHistoria _945206 |
||
| 650 |
_aPerú _945211 |
||
| 700 |
_aCuratola Petrocchi, Marco (director) _945188 |
||
| 700 |
_aHusson, Jean-Philippe (editor) _945212 |
||
| 710 |
_aPontificia Universidad Católica del Perú _9400 |
||
| 942 |
_2ddc _cLIBROS |
||
| 945 | _aRoel | ||